| 000 | 00441nam a2200181Ia 4500 | ||
|---|---|---|---|
| 005 | 20240823013558.0 | ||
| 008 | 240823s9999||||xx |||||||||||||| ||und|| | ||
| 041 | _aENGLISH | ||
| 082 | _A428 P3 | ||
| 100 | _aPaul Varghese C | ||
| 245 | 0 | _aTeaching English as a Second language | |
| 250 | _a1st | ||
| 260 |
_c2003 _b"Sterling Pub.,New " _aNew Delhi |
||
| 500 | _aTransfered | ||
| 650 |
_aENG _bEnglish |
||
| 942 | _cBK | ||
| 999 |
_c167631 _d167631 |
||